| 000 | nam a22 a 4500 | ||
|---|---|---|---|
| 999 |
_c356 _d356 |
||
| 005 | 20170503144128.0 | ||
| 008 | 170503b2000 -uk||||| |||| 00| 0 eng d | ||
| 020 |
_a0751309869 (pbk) : _c£4.99 |
||
| 040 | _aAKMAL | ||
| 082 | 0 | 4 | _a004.69 MIL |
| 090 |
_a004.69 _bMIL |
||
| 100 | 1 |
_aMilner, Annalisa. _9787 |
|
| 245 | 1 | 0 |
_aBrowsing the Web / _cAnnalisa Milner. |
| 260 |
_aBrighton : _bDorling Kindersley, _c2000. |
||
| 300 |
_a72 p. : _bcol.ill. ; _c18cm |
||
| 490 | 1 | _aEssential computers. Internet | |
| 599 | _aDALAM PROSES | ||
| 630 | 0 | 4 |
_aMicrosoft Internet Explorer. _9805 |
| 650 | 0 |
_aWorld Wide Web |v Popular works. _9806 |
|
| 830 | 0 |
_aEssential computers. _pInternet _9807 |
|
| 852 | 4 | 1 |
_aBritish Library _bHMNTS |
| 942 |
_2ddc _cBOOK |
||